Rent increase (Record no. 77436)

MARC details
000 -LEADER
fixed length control field 01016cab a2200229 4500
001 - CONTROL NUMBER
control field ##L134299
008 - FIXED-LENGTH DATA ELEMENTS--GENERAL INFORMATION
fixed length control field 060725n2006 000 0 eng u
035 ## - SYSTEM CONTROL NUMBER
System control number (Sirsi) u134299
041 0# - LANGUAGE CODE
Language code of text/sound track or separate title eng
100 1# - MAIN ENTRY--PERSONAL NAME
Personal name Hopkins, Phillip
245 00 - TITLE STATEMENT
Title Rent increase
260 ## - PUBLICATION, DISTRIBUTION, ETC.
Date of publication, distribution, etc. 2006
490 #0 - SERIES STATEMENT
Series statement Letting Update Journal
Volume/sequential designation 14(2) July 2006, 25(1)
520 ## - SUMMARY, ETC.
Summary, etc. Explains the statutory rules for assured and assured shorthold tenancies under the Housing Act 1988. Discusses rent increases by agreement, rent increases by the Housing Act 1988 s13 procedure, periodic tenancies, Rent Assessment Committees, fixed term tenancies, and the issue of further rent increases.
590 ## - LOCAL NOTE (RLIN)
Local note IKA010806
650 24 - SUBJECT ADDED ENTRY--TOPICAL TERM
Topical term or geographic name entry element ASSURED SHORTHOLD TENANCIES
650 24 - SUBJECT ADDED ENTRY--TOPICAL TERM
Topical term or geographic name entry element HOUSING ACT 1988 S13
650 24 - SUBJECT ADDED ENTRY--TOPICAL TERM
Topical term or geographic name entry element HOUSING ACT 1988
651 #4 - SUBJECT ADDED ENTRY--GEOGRAPHIC NAME
Geographic name England and Wales
Chronological subdivision 1543-
690 ## - LOCAL SUBJECT ADDED ENTRY--TOPICAL TERM (OCLC, RLIN)
Topical term or geographic name as entry element PROPERTY-RESIDENTIAL PROPERTY-LEASEHOLD RESIDENTIAL PROPERTY-RESIDENTIAL LANDLORD AND TENANT-RESIDENTIAL TENANCIES-RENT REVIEW (RESIDENTIAL TENANCIES)
942 ## - ADDED ENTRY ELEMENTS (KOHA)
Suppress in OPAC 0
Holdings
Withdrawn status Lost status Source of classification or shelving scheme Damaged status Not for loan Home library Current library Shelving location Date acquired Total Checkouts Full call number Barcode Date last seen Copy number Price effective from Koha item type
    Dewey Decimal Classification     London London Journal article 25/07/2006   L134299 134299-1001 06/08/2019 1 06/08/2019 Journal article